01817nam a2200337 i 4500001001000000003000900010005001700019007000300036008004100039040003000080082001900110100003800129245017000167264003400337300003900371336002700410337003300437338002800470504003000498590002700528650002600555700004800581710005800629910001400687942001400701952023500715952022200950952013501172952015701307999001501464000006853DO-SdBNP20240105073419.0ta090903s1982 dr d 001 0 spa d aDO-SdBNPbspacBNPHUerda a410bG887r2221 aGrullón Torres, Pedro B.91903610aReferencias lingüísticas :b(vocabulario de lingüística, de semiótica y de retórica) /cPedro B. Grullón Torres ; prólogo M. Arturo Jiménez Sabater 1aSanto Domingo :bUASD,c1982. a250 páginasbgráficos c21 cm. 2rdacontentatextobtxt 2rdamediaasin mediaciónbn 2rdacarrieravolumenbnc aBibliografía p: 247-250 aInventariado, 2024/ YL 4aLingüística940351 aJiménez Sabater, Arturo919037eprólogo aUniversidad Autónoma de Santo Domingo (UASD)984760 aYLockward 2ddccLBS1 00102ddc51708DSaBNPHUbBNPHUcCTd2008-04-25eAida CartagenaiLF1l0oBNPHU DS 410 G887rp6853-30r2020-06-25te. 3w2020-06-25yLBS1zPerteneció a la biblioteca personal de Aída Cartagena PortalatínZPréstamo en sala 00102ddc56708DSaBNPHUbBNPHUcCTd2014-12-01eBarbara SuncariLF1l0oBNPHU DS 410 G887rp6853-40r2020-06-25te. 4w2020-06-25yLBS1zPerteneció a la biblioteca personal de Bárbara SuncarZPréstamo en sala 00102ddc51708PDaBNPHUbBNPHUcHDd2009-09-03iLF1l0oBNPHU PD 410 G887rp6853-10r2020-06-25w2020-06-25yLBS1ZNo se presta 00102ddc51708PDaBNPHUbBNPHUcHDd2009-09-10eDeposito LegaliLF1l0oBNPHU PD 410 G887rp6853-20r2020-06-25te. 2w2020-06-25yLBS1ZNo se presta c6641d6641